The costing techniques used in the ground handling sector of the aircraft industry /
Saved in:
| Main Author: | |
|---|---|
| Format: | Thesis Book |
| Language: | English |
| Published: |
2005.
|
| Subjects: | |
| Tags: |
Add Tag
No Tags, Be the first to tag this record!
|
| LEADER | 00985cam a2200229 a 4500 | ||
|---|---|---|---|
| 001 | u716017 | ||
| 003 | SIRSI | ||
| 008 | 051222s2005 my a t 00 0 eng m | ||
| 040 | |a UMK |d UMM | ||
| 090 | |a HF1008 |b UM 2005 Vin | ||
| 098 | |a HF1008 |b UM 2005 Vin | ||
| 100 | 0 | 0 | |a Vinaya K.V.C.S Nair. |
| 245 | 1 | 4 | |a The costing techniques used in the ground handling sector of the aircraft industry / |c Vinaya A/P K.V.C.S Nair. |
| 260 | |c 2005. | ||
| 300 | |a xiii, 91 leaves : |b ill. ; |c 30 cm. | ||
| 502 | |a Dissertation (M.B.A.) -- Fakulti Perniagaan dan Perakaunan, Universiti Malaya, 2005. | ||
| 504 | |a Bibliography: leaves 83-84. | ||
| 650 | 0 | |a Aircraft industry |x Cost of operation. | |
| 710 | 2 | 0 | |a Universiti Malaya. |b Fakulti Perniagaan dan Perakaunan. |
| 596 | |a 1 19 | ||
| 999 | |a HF1008 UM 2005 VIN |w LC |c 1 |i A512507567 |d 30/12/2005 |f 30/12/2005 |g 1 |l STACKS |m P19KOTA |r Y |s Y |t TESIS |u 29/12/2005 | ||
| 999 | |a HF1008 UM 2005 VIN |w LC |c 1 |i A512448998 |d 17/7/2006 |f 17/7/2006 |g 1 |l STACKS |m P01UTAMA |r Y |s Y |t TESIS |u 17/7/2006 | ||
